<?xml version="1.0" encoding="UTF-8"?>
<record
    xmlns:xsi="http://www.w3.org/2001/XMLSchema-instance"
    xsi:schemaLocation="http://www.loc.gov/MARC21/slim http://www.loc.gov/standards/marcxml/schema/MARC21slim.xsd"
    xmlns="http://www.loc.gov/MARC21/slim">

  <leader>01253nam a22002177a 4500</leader>
  <datafield tag="952" ind1=" " ind2=" ">
    <subfield code="0">0</subfield>
    <subfield code="1">0</subfield>
    <subfield code="2">lcc</subfield>
    <subfield code="4">0</subfield>
    <subfield code="7">0</subfield>
    <subfield code="a">01</subfield>
    <subfield code="b">01</subfield>
    <subfield code="d">2019-02-11</subfield>
    <subfield code="l">0</subfield>
    <subfield code="o">D358 L69 2016</subfield>
    <subfield code="p">16 000805</subfield>
    <subfield code="r">2024-06-06</subfield>
    <subfield code="t">2</subfield>
    <subfield code="w">2019-02-11</subfield>
    <subfield code="y">LB</subfield>
  </datafield>
  <datafield tag="952" ind1=" " ind2=" ">
    <subfield code="0">0</subfield>
    <subfield code="1">0</subfield>
    <subfield code="2">lcc</subfield>
    <subfield code="4">0</subfield>
    <subfield code="7">0</subfield>
    <subfield code="a">01</subfield>
    <subfield code="b">01</subfield>
    <subfield code="d">2019-02-11</subfield>
    <subfield code="l">0</subfield>
    <subfield code="o">D358 L69 2016</subfield>
    <subfield code="p">16 000804</subfield>
    <subfield code="r">2023-07-12</subfield>
    <subfield code="t">1</subfield>
    <subfield code="w">2019-02-11</subfield>
    <subfield code="y">LB</subfield>
  </datafield>
  <datafield tag="999" ind1=" " ind2=" ">
    <subfield code="c">103816</subfield>
    <subfield code="d">103816</subfield>
  </datafield>
  <controlfield tag="008">120625t    2016mx aop        000 0 spa d</controlfield>
  <datafield tag="020" ind1=" " ind2=" ">
    <subfield code="a">9786077443209</subfield>
  </datafield>
  <datafield tag="050" ind1=" " ind2="4">
    <subfield code="a">D358</subfield>
    <subfield code="b">L693 2016</subfield>
  </datafield>
  <datafield tag="082" ind1=" " ind2=" ">
    <subfield code="a">909</subfield>
    <subfield code="b">L949h 2016</subfield>
  </datafield>
  <datafield tag="100" ind1=" " ind2="1">
    <subfield code="a">Lozano Fuentes, Jos&#xE9; Manuel</subfield>
    <subfield code="e">autor</subfield>
  </datafield>
  <datafield tag="245" ind1="1" ind2="0">
    <subfield code="a">Historia universal contempor&#xE1;nea </subfield>
    <subfield code="c">/ Jos&#xE9; Manuel Lozano Fuentes</subfield>
  </datafield>
  <datafield tag="250" ind1=" " ind2=" ">
    <subfield code="a">2a edici&#xF3;n</subfield>
  </datafield>
  <datafield tag="260" ind1=" " ind2=" ">
    <subfield code="a">M&#xE9;xico </subfield>
    <subfield code="b">: Grupo Editorial Patria</subfield>
    <subfield code="c">, 2014</subfield>
  </datafield>
  <datafield tag="300" ind1=" " ind2=" ">
    <subfield code="a">ix, 187 p&#xE1;ginas</subfield>
    <subfield code="b">ilustrado, mapas, fotograf&#xED;as</subfield>
  </datafield>
  <datafield tag="490" ind1=" " ind2="0">
    <subfield code="a">DGB Serie Integral por Competencias</subfield>
  </datafield>
  <datafield tag="504" ind1=" " ind2=" ">
    <subfield code="a">Incluye referencias bibliogr&#xE1;ficas</subfield>
  </datafield>
  <datafield tag="505" ind1="2" ind2=" ">
    <subfield code="a">Bloque !: Comprendes la expansi&#xF3;n del imperialismo y sus consecuencias a principios del siglo XX
Imperialismo; Primera Guerra Mundial
Bloque  II: Comprendes el movimiento de la Revoluci&#xF3;n Rusa y de los gobiernos totalitarios en el devenir mundial
Revoluci&#xF3;n Rusa; gobiernos totalitarios.
Bloque III: Analizas la crisis econ&#xF3;mica de 1929 y trascendencia de la Segunda Guerra Mundial
Bloque IV: Explicas el proceso de desarrollo hist&#xF3;rico de la Guerra Fr&#xED;a</subfield>
  </datafield>
  <datafield tag="519" ind1=" " ind2=" ">
    <subfield code="a">Plan UNAM /</subfield>
    <subfield code="b">Preparatoria UNAM /</subfield>
    <subfield code="c">Historia Universal Contempor&#xE1;nea /</subfield>
    <subfield code="d">(16 00804, 16 00805)</subfield>
  </datafield>
  <datafield tag="650" ind1="1" ind2=" ">
    <subfield code="a">HISTORIA MODERNA</subfield>
    <subfield code="x">ESTUDIO Y ENSE&#xD1;ANZA</subfield>
  </datafield>
  <datafield tag="942" ind1=" " ind2=" ">
    <subfield code="c">LB</subfield>
  </datafield>
</record>
